00481nam a2200157Ia 450000500170000000800410001708200130005810000150007124500210008626000420010730000130014950000420016294200060020495200980021099900150030820250411055155.0240331s9999 xx 000 0 und d bPERa891 aPerera,H.S 0aBagawath geethaa aColombobM.D.Gunasena book shopc1985 a168 p ., aSinhala Translation of Bhagwat Geetha cL 001040708LaWERCLbWERCLcSSCd2024-03-31l0o 891.48 PERp1066r2024-03-31w2024-03-31yL c5353d5353